Renters (Reform) Bill 2023-24: Progress of the Bill (Record no. 121912)

MARC details
000 -LEADER
fixed length control field 01424nam a22002657a 4500
008 - FIXED-LENGTH DATA ELEMENTS--GENERAL INFORMATION
fixed length control field 240419t2024 xxk|||||o||||o00| 0 eng d
245 ## - TITLE STATEMENT
Title Renters (Reform) Bill 2023-24: Progress of the Bill
Remainder of title a research briefing
Medium [Electronic resource]
260 ## - PUBLICATION, DISTRIBUTION, ETC.
Place of publication, distribution, etc. London,
Name of publisher, distributor, etc. House of Commons Library,
Date of publication, distribution, etc. 18 April 2024
490 ## - SERIES STATEMENT
Series statement Research Briefing
520 ## - SUMMARY, ETC.
Summary, etc. A House of Commons Library briefing on the Renters (Reform) Bill, ahead of its report stage and third reading on 24 April 2024, provides an overview of the Bill's progress through the House of Commons prior to report stage.
520 ## - SUMMARY, ETC.
Summary, etc. Note added 29th May 2024: This Bill did not progress to conclusion due to proroguing of Parliament following the announcement of a General Election on 4 July 2024
520 ## - SUMMARY, ETC.
Summary, etc. Note added 11 September 2024: See the Renters' Rights Bill presented 11 September 2024 by the new Government.
650 ## - SUBJECT ADDED ENTRY--TOPICAL TERM
Topical term or geographic name entry element ASSURED SHORTHOLD TENANCIES
650 ## - SUBJECT ADDED ENTRY--TOPICAL TERM
Topical term or geographic name entry element EVICTION
650 ## - SUBJECT ADDED ENTRY--TOPICAL TERM
Topical term or geographic name entry element HOUSING
650 ## - SUBJECT ADDED ENTRY--TOPICAL TERM
Topical term or geographic name entry element LANDLORD AND TENANT
650 ## - SUBJECT ADDED ENTRY--TOPICAL TERM
Topical term or geographic name entry element RENTERS (REFORM) BILL 2022-23
650 ## - SUBJECT ADDED ENTRY--TOPICAL TERM
Topical term or geographic name entry element RENTERS (REFORM) BILL 2023-24
650 ## - SUBJECT ADDED ENTRY--TOPICAL TERM
Topical term or geographic name entry element TENANTS' RIGHTS
690 ## - LOCAL SUBJECT ADDED ENTRY--TOPICAL TERM (OCLC, RLIN)
Topical term or geographic name as entry element Landlord and tenant
9 (RLIN) 6252
700 ## - ADDED ENTRY--PERSONAL NAME
Personal name Cromarty, Hannah
710 ## - ADDED ENTRY--CORPORATE NAME
9 (RLIN) 1448
Corporate name or jurisdiction name as entry element Parliament. House of Commons. Library
856 ## - ELECTRONIC LOCATION AND ACCESS
Uniform Resource Identifier <a href="https://researchbriefings.files.parliament.uk/documents/CBP-10004/CBP-10004.pdf">https://researchbriefings.files.parliament.uk/documents/CBP-10004/CBP-10004.pdf</a>
Public note Available online at the House of Commons Library
942 ## - ADDED ENTRY ELEMENTS (KOHA)
Source of classification or shelving scheme Dewey Decimal Classification
Holdings
Withdrawn status Lost status Damaged status Not for loan Home library Current library Shelving location Date acquired Total Checkouts Full call number Date last seen Price effective from Koha item type
        London Virtual Online 19/04/2024   ONLINE PUBLICATION 19/04/2024 19/04/2024 Online material